000 00996nam a22002657a 4500
005 20140804122308.0
010 _aENG-109836
020 _a9789383649112
_c620.00
035 _aEN-93369
037 _bDBAD/PUB
082 _a320.91767
245 0 0 _aThe dilemma of popular sovereignty in the Middle East :
_cedited by Kingshuk Chatterjee [and] Priya Singh
_bpower from or to the people /
260 _aNew Delhi
_bKW Publishers
_c2014
270 _a4676/21, First Floor, Ansari Road, Daryaganj,
_bNew Delhi
_e110002
300 _a193p.
_c24cm(Hb)
500 _aContributed articles.
500 _a Includes bibliographical references.
650 _aIslam and politics
_zMiddle East.
650 _aSovereignty.
700 _aChatterjee, Kingshuk
700 _aSingh, Priya
710 _a Institute of Foreign Policy Studies (Calcutta, India)
710 _aUniversity of Calcutta.
_bCentre for Pakistan and West Asian Studies.
942 _2ddc
_cEN
_mDIL
_h320.91767
999 _c83864
_d83864